000 00209nam a22000857a 4500
008 161212b xxu||||| |||| 00| 0 eng d
100 _91998
_aNCERT
245 _aBeehive English -IX
260 _aNew Delhi
_bNCERT
_c2007
999 _c4839
_d4839